| 000 | 01463nam a2200373 a 4500 | ||
|---|---|---|---|
| 001 | ebr10265949 | ||
| 003 | CaPaEBR | ||
| 006 | m u | ||
| 007 | cr cn||||||||| | ||
| 008 | 070502m20079999ilub sb 001 0 eng | ||
| 010 | _z 2007017496 | ||
| 015 |
_aGBA770468 _2bnb |
||
| 016 | 7 |
_z013833381 _2Uk |
|
| 020 | _z9780226282404 (cloth : alk. paper) | ||
| 020 | _z0226282406 (cloth : alk. paper) | ||
| 040 |
_aCaPaEBR _cCaPaEBR |
||
| 035 | _a(OCoLC)567944049 | ||
| 043 | _as------ | ||
| 050 | 1 | 4 |
_aQL725.A1 _bM36 2007 v.1eb |
| 082 | 0 | 4 |
_a599.098 _222 |
| 245 | 0 | 0 |
_aMammals of South America _h[electronic resource] / _cedited by Alfred L. Gardner. |
| 260 |
_aChicago : _bUniversity of Chicago Press, _c2007- |
||
| 300 |
_a669 p. : _bmaps. |
||
| 504 | _aIncludes bibliographical references (p. [485]-580) and indexes. | ||
| 505 | 1 | _av. 1. Marsupials, xenarthrans, shrews, and bats | |
| 533 |
_aElectronic reproduction. _bPalo Alto, Calif. : _cebrary, _d2013. _nAvailable via World Wide Web. _nAccess may be limited to ebrary affiliated libraries. |
||
| 650 | 0 |
_aMammals _zSouth America. |
|
| 650 | 0 |
_aMammals _zSouth America _vClassification. |
|
| 650 | 0 |
_aMammals _zSouth America _xGeographical distribution. |
|
| 655 | 7 |
_aElectronic books. _2local |
|
| 700 | 1 | _aGardner, Alfred L. | |
| 710 | 2 | _aebrary, Inc. | |
| 856 | 4 | 0 |
_uhttp://site.ebrary.com/lib/rucke/Doc?id=10265949 _zAn electronic book accessible through the World Wide Web; click to view |
| 999 |
_c10523 _d10523 |
||